00481nam a22001697a 450000500170000001000150001702000260003203500140005803700090007208200140008110000290009524500620012425000060018626000340019227000640022630000210029020250724153330.0 aENG-146138 c450.00a9788119524198 aEN-129670 bDBAD a954.5221 aChaudhuri, Santanu Sinha aFragments of an Unbroken Mirror/cSantanu Sinha Chaudhuri a1 aKolkatabExceller Booksc2025 aG1 Dream Apartment, Degree College Roadb Belgharia,Kolkata a227p. c21cm(pb)